00787nam a2200181 a 450000100100000000500170001000800410002704000250006808200150009324501060010826000520021430000190026650000520028570000350033795201080037295201080048099900170058800003632020200930075651.0120113s1983 xxu 000 0 spa d aDO-SdBNPbspacBNPHU axxxxbH23600aThe handbook of clinical psychology :btheory, research, and practique /cedited by C. Eugene Walker. aHomewood, :bDorsey Professional Series,c1983. a2 v. ;c23 cm. aIncluye referencias bibliográficas e índice12aWalker, C. Eugene,eed.962477 001050718MOaGRbGRcCTd2012-01-13iLF1l0ov. 1p36321-10r2020-06-25w2020-06-25y1ZNo se presta 001050718MOaGRbGRcHDd2012-01-13iLF1l0ov. 2p36321-20r2020-06-25w2020-06-25y1ZNo se presta c35811d35811